Tư tưởng Hồ chí Minh và con dường cách mạng Việt Nam
Uloženo v:
| Hlavní autor: | |
|---|---|
| Médium: | Kniha |
| Jazyk: | Undetermined |
| Vydáno: |
Hà Nội
Chính Trị Quốc Gia
2000
|
| Témata: | |
| Tagy: |
Přidat tag
Žádné tagy, Buďte první, kdo otaguje tento záznam!
|
| Thư viện lưu trữ: | Trung tâm Học liệu Trường Đại học Cần Thơ |
|---|
| LEADER | 00569nam a2200169Ia 4500 | ||
|---|---|---|---|
| 001 | CTU_47174 | ||
| 008 | 210402s9999 xx 000 0 und d | ||
| 082 | |a 324.2075092 | ||
| 082 | |b Gi109 | ||
| 100 | |a VÕ NGUYÊN GIÁP | ||
| 245 | 0 | |a Tư tưởng Hồ chí Minh và con dường cách mạng Việt Nam | |
| 245 | 0 | |c VÕ NGUYÊN GIÁP | |
| 260 | |a Hà Nội | ||
| 260 | |b Chính Trị Quốc Gia | ||
| 260 | |c 2000 | ||
| 650 | |a communism - vietnam,communists - vietnam - biography | ||
| 980 | |a Trung tâm Học liệu Trường Đại học Cần Thơ | ||